000 01821nam0a2200409 4500
001 RU\NLR\BIBL_A\022581549
005 20250722150627.0
010 _a978-5-9704-9187-4
_9700
021 _aRU
_bКН-П-25-028347
_9КН-П-25-2811
035 _a(NLR Aleph) 022581549
090 _a13455620
_c13455620
100 _a20250707d2025 k y0rusy50 ca
101 1 _arus
_ceng
102 _aRU
105 _aa|||z|||001yy
181 0 _ai3
_baxxe
182 0 _an
200 1 _aАнестезия в акушерстве
_eкраткое справочное руководство
_fФилипп Э. Хесс, Юньпин Ли, Джон Дж. Ковальчик, Джастин К. Стайлз
_gперевод с английского под редакцией профессора Е. М. Шифмана
203 _aТекст
_bвизуальный
_cнепосредственный
210 _aМосква
_cГЭОТАР-Медиа
_d2025
215 _a276 с.
_cцв. ил., табл.
_d24
225 1 _aЗолотая серия мировых медицинских бестселлеров
300 _aЗагл. ориг.: Obstetric anesthesia
320 _aБиблиогр. в конце разд.
320 _aПредм. указ.: с. 274-276
454 0 _12001#$aObstetric anesthesia
_tObstetric anesthesia
606 1 _aАнестезия
_jСправочники
_xПрименение в акушерстве
_92178441
_3RU\NLR\AUTH\661310168
686 1 _aР716.122.1я22
701 0 _aЮньпин Ли
701 1 _aХесс
_bФ. Э.
_gФилипп Э.
701 1 _aКовальчик
_bД. Д.
_gДжон Дж.
701 1 _aСтайлз
_bД. К.
_gДжастин К.
942 _cBOOK
980 _aNB
980 _aNB